[Event "FRA-chT4 0001"]
[Site "Champagne Ardenne"]
[Date "2001.04.01"]
[Round "7"]
[White "Laval, Brice"]
[Black "Raulin, Sandra"]
[Result "1-0"]
[WhiteElo "1920"]
[BlackElo "1500"]
[PlyCount "89"]
[EventDate "2001.10.??"]
[EventType "team"]
[EventRounds "7"]
[EventCountry "FRA"]
[SourceTitle "EXT 2005"]
[Source "ChessBase"]
[SourceDate "2004.11.15"]
[SourceVersion "1"]
[SourceVersionDate "2004.11.15"]
[SourceQuality "1"]

1. e4 c5 2. Nf3 Nc6 3. d4 cxd4 4. Nxd4 e5 5. Nb5 d6 6. c4 a6 7. N5c3 Nd4 8. Nd5 Ne7 9. Nbc3 Be6 10. Bg5 f6 11. Be3 Nec6 12. f4 Bxd5 13. Nxd5 Qa5+ 14. Bd2 Qd8 15. f5 g6 16. Bd3 Bg7 17. 0-0 Rf8 18. Qg4 g5 19. Qh5+ Rf7 20. Rac1 h6 21. b4 Ne7 22. Nxe7 Qxe7 23. c5 Rd8 24. Bc4 Nc6 25. Be3 dxc5 26. Bxc5 Qc7 27. Rcd1 Rxd1 28. Rxd1 b6 29. Qxf7+ Qxf7 30. Bxf7+ Kxf7 31. Bxb6 Nxb4 32. Rd7+ Kg8 33. Rd8+ Kf7 34. a4 h5 35. a5 h4 36. Ra8 Bf8 37. Rxf8+ Kxf8 38. Bc5+ Kf7 39. Bxb4 Kg7 40. Kf2 g4 41. g3 h3 42. Ke3 Kf7 43. Kd3 Ke8 44. Kc4 Kd7 45. Kd5 1-0